Architect´s Pocket Book /

Na minha lista:
Detalhes bibliográficos
Autor principal: Baden-Powell, Charlotte (Author)
Formato: Livro
Idioma:inglês
Publicado em: Amsterdam : Elsevier, 2009
Edição:3. vyd
Assuntos:
Tags: Adicionar Tag
Sem tags, seja o primeiro a adicionar uma tag!

MARC

LEADER 00000nam a22000003a 4500
001 stu192803
005 20150617225612.8
008 091016s2009------------------------eng-d
020 |a 978-0-7506-8617-4 
040 |a STU  |b slo 
041 0 |a eng 
100 1 |a Baden-Powell, Charlotte  |4 aut 
245 1 |a Architect´s Pocket Book /  |c updates by J. Hetreed a A.Ross 
250 |a 3. vyd 
260 |a Amsterdam :  |b Elsevier,  |c 2009 
300 |a 340 s 
650 7 |a encyklopédie  |2 stusub 
996 |b 284AU04339  |c A*6785 U  |l AAKNAR  |s A  |a 24  |w stu192803_0001